000 01154nac a22002657a 4500
003 Co-PeBPM
005 20240507022413.0
007 ta
008 240507s2000 ck a|||| |||| 00| 0 spa d
020 _a8422684896
040 _aCo-PeBPM
_bspa
_cCo-PeBPM
_erda
041 _aspa
082 0 4 _a615.535 G943m
_222
245 1 4 _aGuía práctica de las medicinas alternativas
_b: Acupuntura, aromaterapia, dietoterapia, homeopatía, tai-chi, terapia floral, yoga...
250 _aPrimera edición
260 _aBarcelona, España
_b: Círculo de Lectores,
_c2000
300 _a127 páginas
_bilustraciones a color
_c20 centímetros
500 _aIncluye índice
520 _aAprovechar las virtudes y conocer las terapias alternativas como la acupuntura, aromaterapia, dietoterapia, hidroterapia, iridiología, kinesiología, medicina ayurvédica, osteopatía… sus indicaciones y su aplicación nos abre una nueva perspectiva de salud y prevención acorde con una concepción global de la salud.
650 1 _aAcupuntura
_2Lemb
650 1 _aDietoterapia
_2Lemb
650 1 _aMedicina alternativa
_2Lemb
650 1 _aYoga
_2Lemb
942 _2ddc
_cBK
_n0
999 _c26822
_d26822